| 000 | 00610nam a2200169 a 4500 | ||
|---|---|---|---|
| 001 | 000025490 | ||
| 005 | 20200930023827.0 | ||
| 008 | 110217s1957 dr 000 0 spa d | ||
| 040 |
_aDO-SdBNP _bspa _cBNPHU |
||
| 082 |
_axxx _bC749m |
||
| 111 | 1 |
_aCongreso de cultura católica por la paz del mundo _d(1956 feb. mar. 28-6) _cCiudad Trujillo) _952133 |
|
| 245 | 1 | 0 | _aMemoria del congreso de cultura católica por la paz del mundo. |
| 260 |
_aCiudad Trujillo, República Dominicana : _bEditora del Caribe, _c1957. |
||
| 300 |
_a359 p. ; _c24 cm. |
||
| 500 | _aIncluye notas al pie de las páginas | ||
| 049 | _aBNPD | ||
| 999 |
_c24982 _d24982 |
||